| 000 | 01126nam a2200265 i 4500 | ||
|---|---|---|---|
| 001 | 157338 | ||
| 003 | ES-MaACL | ||
| 005 | 20251012195817.0 | ||
| 008 | 041019m18591865be |||| | fre d | ||
| 040 |
_aCAM _bspa _cCAM |
||
| 100 | 1 |
_aLe Barre, Pasquier de. _9128766 |
|
| 245 | 1 | 0 |
_aMémoires de Pasquier de Le Barre et de Nicolas Soldoyer pour servir a l'histoire de Tournai _b: 1565-1570 / _cavec notice et annotations par Alex. Pinchart. |
| 260 |
_aBruxelles : _bSociété de l'histoire de Belgique, _c1859-1865 ( _fM. Weissenbruch) |
||
| 300 |
_a2 v. ; _c22 cm. |
||
| 490 | 1 | _aCollection de mémoires relatifs a l'histoire de Belgique | |
| 500 | _aDatos de fecha y descripción física tomada de la BN Opale-Plus. | ||
| 594 | _aPrecede al título: XVI Siècle. | ||
| 597 | _aT.I 1859 (373 p.) | ||
| 651 | 4 |
_aBélgica- _xHistoria. _97873 |
|
| 700 | 1 |
_aSoldoyer, Nicolás. _9132801 |
|
| 700 | 1 |
_aPinchart, Alexandre, _d1823-1884 _992078 |
|
| 830 | 0 |
_aCollection de mémoires relatifs a l'histoire de Belgique _9221772 |
|
| 852 |
_aES-MaACL _jF-2785 _z-- Enc. hol. _z-- Solo tomo I |
||
| 999 |
_c157338 _d157338 |
||